BUBT Library Online Catalog

Armstrong's Handbook of Human Resource Management Practice: (Record no. 7348)

000 -LEADER
fixed length control field 00922nam a22002537a 4500
003 - CONTROL NUMBER IDENTIFIER
control field BUBTL
008 - FIXED-LENGTH DATA ELEMENTS--GENERAL INFORMATION
fixed length control field 240815b ||||| |||| 00| 0 eng d
020 ## - INTERNATIONAL STANDARD BOOK NUMBER
International Standard Book Number 9781398606630
041 ## - LANGUAGE CODE
Language code of text/sound track or separate title eng
082 ## - DEWEY DECIMAL CLASSIFICATION NUMBER
Classification number 658.3/ Ar571a/ 2023
100 ## - MAIN ENTRY--PERSONAL NAME
9 (RLIN) 5893
Personal name Armstrong, Michael
245 ## - TITLE STATEMENT
Title Armstrong's Handbook of Human Resource Management Practice:
Remainder of title A Guide to the Theory and Practice of People Management/
Statement of responsibility, etc. Michael Armstrong, Stephen Taylor
250 ## - EDITION STATEMENT
Edition statement 16th ed.
260 ## - PUBLICATION, DISTRIBUTION, ETC. (IMPRINT)
Place of publication, distribution, etc. London:
Name of publisher, distributor, etc. Kogan Page,
Date of publication, distribution, etc. c2023
300 ## - PHYSICAL DESCRIPTION
Extent xxxvii, 720p.:
Dimensions 25 cm.
500 ## - GENERAL NOTE
General note Includes Index
505 ## - FORMATTED CONTENTS NOTE
Formatted contents note Fundamentals of human resource management, the strategic approach to HRM, Delivering HR, Human resource management processes
650 #0 - SUBJECT ADDED ENTRY--TOPICAL TERM
9 (RLIN) 39
Topical term or geographic name as entry element Management
650 #0 - SUBJECT ADDED ENTRY--TOPICAL TERM
9 (RLIN) 5896
Topical term or geographic name as entry element Human Resource Management
700 ## - ADDED ENTRY--PERSONAL NAME
9 (RLIN) 5897
Personal name Taylor, Stephen
856 ## - ELECTRONIC LOCATION AND ACCESS
Password 0
Logon 0
Link text Download
942 ## - ADDED ENTRY ELEMENTS (KOHA)
Source of classification or shelving scheme
Koha item type Books
Holdings
Withdrawn status Lost status Source of classification or shelving scheme Damaged status Not for loan Collection code Permanent location Current location Shelving location Date acquired Inventory number Total Checkouts Full call number Barcode Date last seen Copy number Price effective from Koha item type
        Not For Loan Non-fiction Bangladesh University of Business and Technology Library Bangladesh University of Business and Technology Library Management Stacks 08/13/2024 30198   658.3/ Ar571a/ 2023 BUBTL-200330198 08/15/2024 C-1 08/15/2024 Books
        Not For Loan Non-fiction Bangladesh University of Business and Technology Library Bangladesh University of Business and Technology Library Management Stacks 08/13/2024 30199   658.3/ Ar571a/ 2023 BUBTL-200330199 08/15/2024 C-2 08/15/2024 Books

More Information About Library

Library Hours

  • Open: 9.00 am. to 9.00 pm.
  • Only Sunday: 9.00 am. to 6.00 pm.
  • Closed: Holiday

Contact to the University

Bangladesh University of Business and Technology Library

  • Mirpurl-2, 1216.
  • Phone:
  • Fax:
  • E-Mail: admin.library@bubt.edu.bd

Contact to the Library

Contact Person:

Md. Abdul Hakim Shah
Joint Librarian
PABX No:  113
Cell No: 01816332931
E-mail: official: admin.library@bubt.edu.bd
Personal: hakim.shah@bubt.edu.bd


BUBT Library

Copyright © 2021